[Event "POL-chT 2nd League"]
[Site "Jastrzebia Gora"]
[Date "2015.09.05"]
[Round "1.66"]
[White "Jalowiec, Halina"]
[Black "Burakowska, Gabriela"]
[Result "1-0"]
[WhiteElo "1985"]
[BlackElo "1783"]
[PlyCount "153"]
[EventDate "2015.09.05"]
[EventType "team-swiss"]
[EventRounds "9"]
[EventCountry "POL"]
[SourceTitle "EXT 2017"]
[Source "ChessBase"]
[SourceDate "2016.10.25"]
[SourceVersion "1"]
[SourceVersionDate "2016.10.25"]
[SourceQuality "1"]
[WhiteTeam "Pilzno GKSz Hetman"]
[BlackTeam "Bialystok MUKS Stoczek 45"]
[WhiteTeamCountry "POL"]
[BlackTeamCountry "POL"]

1. d4 Nf6 2. c4 e6 3. Nf3 d5 4. g3 b6 5. Bg2 Bb7 6. 0-0 Be7 7. Nc3 0-0 8. Ne5 c6 9. e4 Nbd7 10. Bg5 h6 11. Be3 Rc8 12. Rc1 Bb4 13. exd5 cxd5 14. Qa4 Bxc3 15. Rxc3 a6 16. Rfc1 Nxe5 17. dxe5 Ne4 18. Bxe4 dxe4 19. Rd1 Qc7 20. Rd6 Qb8 21. Bxb6 Qa8 22. Be3 Rc6 23. b4 Rfc8 24. c5 R6c7 25. Qd1 Bd5 26. Qe2 Qb7 27. a3 Rc6 28. Qd2 R6c7 29. Qd4 Qb5 30. Qd1 Rc6 31. Bd4 Rb8 32. Rc1 Kh8 33. Be3 Kg8 34. Qc2 Rc7 35. Rb1 Bc6 36. Qd1 Kh7 37. Rb2 Rcb7 38. Bd4 Kg8 39. Bc3 Bd5 40. a4 Qc4 41. Be1 e3 42. f3 Rc7 43. Rc2 Qb3 44. Rc1 Qb2 45. Qc2 Qxe5 46. Bc3 Qh5 47. g4 Qg5 48. Qe2 Qf4 49. Rxd5 exd5 50. Rd1 Rxb4 51. Rxd5 Rb1+ 52. Kg2 Rc8 53. Qd3 Rcb8 54. Be5 Qxa4 55. Bxb8 Rxb8 56. Rd8+ Rxd8 57. Qxd8+ Kh7 58. Qd3+ g6 59. Qxe3 Qc4 60. Qa3 Kg7 61. Qb2+ Kh7 62. Qb6 Qe2+ 63. Kg3 Qe5+ 64. Kh3 h5 65. Qd6 hxg4+ 66. Kxg4 Qf5+ 67. Kg3 Qg5+ 68. Kf2 Qh4+ 69. Ke3 Qe1+ 70. Kd3 Qf1+ 71. Ke3 Qg1+ 72. Ke4 Qe1+ 73. Kd5 Qa5 74. Qe7 Kg7 75. Qe5+ Kf8 76. Kd6 Qb4 77. Qh8# 1-0

[Event "POL-chT 2nd League"]
[Site "Szczyrk"]
[Date "2014.09.14"]
[Round "9.36"]
[White "Matras Clement, Agnieszka"]
[Black "Jalowiec, Halina"]
[Result "1-0"]
[WhiteElo "2281"]
[BlackElo "1972"]
[PlyCount "91"]
[EventDate "2014.09.06"]
[EventType "team-swiss"]
[EventRounds "9"]
[EventCountry "POL"]
[SourceTitle "EXT 2015"]
[Source "ChessBase"]
[SourceDate "2014.11.20"]
[SourceVersion "1"]
[SourceVersionDate "2014.11.20"]
[SourceQuality "1"]
[WhiteTeam "Rybnik MKSz"]
[BlackTeam "Pilzno GKSz Hetman"]
[WhiteTeamCountry "POL"]
[BlackTeamCountry "POL"]

1. e4 e6 2. d4 d5 3. Nd2 dxe4 4. Nxe4 Nd7 5. Nf3 Be7 6. Bd3 Ngf6 7. Nxf6+ Bxf6 8. 0-0 0-0 9. c3 Re8 10. Re1 c5 11. Be3 cxd4 12. Nxd4 Ne5 13. Bc2 Bd7 14. f4 Ng6 15. Qf3 Qc7 16. Be4 Rab8 17. a4 a6 18. a5 e5 19. fxe5 Bxe5 20. g3 Bd6 21. Bf5 Re5 22. Rf1 Rbe8 23. Bxg6 Rxe3 24. Qxf7+ Kh8 25. Bc2 Bg4 26. Qxc7 Bxc7 27. Rf7 R3e7 28. Raf1 Rxf7 29. Rxf7 Bxa5 30. Rxb7 Bc8 31. Rf7 Bb6 32. Kf2 g6 33. Ba4 Rd8 34. Ke3 Bc5 35. Ke4 Bh3 36. Ke5 Bg2 37. Rd7 Re8+ 38. Kf6 Rf8+ 39. Rf7 Rb8 40. Ne6 Rb6 41. Rc7 Bf8 42. Rc8 Rxe6+ 43. Kxe6 Bh3+ 44. Kf7 Bxc8 45. Kxf8 Bf5 46. c4 1-0

[Event "POL-chT 2nd League"]
[Site "Szczyrk"]
[Date "2014.09.12"]
[Round "7.24"]
[White "Jakubiec, Edyta"]
[Black "Jalowiec, Halina"]
[Result "1-0"]
[WhiteElo "2212"]
[BlackElo "1972"]
[PlyCount "117"]
[EventDate "2014.09.06"]
[EventType "team-swiss"]
[EventRounds "9"]
[EventCountry "POL"]
[SourceTitle "EXT 2015"]
[Source "ChessBase"]
[SourceDate "2014.11.20"]
[SourceVersion "1"]
[SourceVersionDate "2014.11.20"]
[SourceQuality "1"]
[WhiteTeam "Dabrowa Gornicza Zaglebie"]
[BlackTeam "Pilzno GKSz Hetman"]
[WhiteTeamCountry "POL"]
[BlackTeamCountry "POL"]

1. e4 e6 2. d3 d5 3. Nd2 c5 4. Ngf3 Nc6 5. g3 Be7 6. Bg2 Nf6 7. 0-0 0-0 8. Re1 dxe4 9. dxe4 e5 10. c3 b5 11. a4 b4 12. Bf1 Qc7 13. Qc2 a6 14. Nc4 Bg4 15. Nh4 Rfd8 16. h3 Be6 17. Nf5 Bf8 18. Bg5 Rd7 19. Bxf6 gxf6 20. Qe2 Ne7 21. Qg4+ Kh8 22. Qh4 Bg7 23. Qh5 Rad8 24. Nfe3 Qc6 25. Bg2 Rd3 26. Red1 bxc3 27. bxc3 Rxd1+ 28. Rxd1 Rxd1+ 29. Qxd1 Qd7 30. Qxd7 Bxd7 31. Nb6 Be6 32. Ned5 Nc6 33. Bf1 a5 34. Bb5 Na7 35. Bd7 Kg8 36. Nc7 Bb3 37. Ncd5 Kf8 38. f3 Bh6 39. Kf2 Kg7 40. Ke2 Bc1 41. Kd3 Bd1 42. Nc4 f5 43. Nxa5 fxe4+ 44. fxe4 Bf3 45. Nb3 Ba3 46. Nd2 Bg2 47. Ne3 Bh1 48. Ndc4 Bc1 49. Nxe5 Kf6 50. N5g4+ Ke7 51. Bb5 Kd6 52. Bc4 Bxe3 53. Kxe3 Ke7 54. Bf1 f5 55. exf5 h5 56. Nf2 Bc6 57. a5 Kf6 58. Kf4 Nc8 59. g4 1-0

[Event "POL-chT 2nd League"]
[Site "Szczyrk"]
[Date "2014.09.11"]
[Round "6.12"]
[White "Jalowiec, Halina"]
[Black "Gonsior, Monika"]
[Result "1-0"]
[WhiteElo "1972"]
[BlackElo "1992"]
[PlyCount "113"]
[EventDate "2014.09.06"]
[EventType "team-swiss"]
[EventRounds "9"]
[EventCountry "POL"]
[SourceTitle "EXT 2015"]
[Source "ChessBase"]
[SourceDate "2014.11.20"]
[SourceVersion "1"]
[SourceVersionDate "2014.11.20"]
[SourceQuality "1"]
[WhiteTeam "Pilzno GKSz Hetman"]
[BlackTeam "Czerwionka Leszczyny Skoczek"]
[WhiteTeamCountry "POL"]
[BlackTeamCountry "POL"]

1. e4 e5 2. Nf3 d6 3. d4 Bg4 4. dxe5 Bxf3 5. Qxf3 dxe5 6. Bc4 Qf6 7. Qb3 b6 8. Nc3 Bc5 9. 0-0 Ne7 10. Nb5 Bd6 11. Nxd6+ cxd6 12. Be3 0-0 13. Rad1 Nbc6 14. Qd3 Rad8 15. c3 Ng6 16. Bc1 Nf4 17. Qf3 Na5 18. Bb5 d5 19. b4 Nb7 20. Bxf4 exf4 21. exd5 Nd6 22. Bd3 Kh8 23. Bc2 Rc8 24. Rd4 g6 25. a4 Rc4 26. Rxc4 Nxc4 27. Rd1 Ne5 28. Qe4 f3 29. Re1 Re8 30. g3 Qd6 31. Bd1 f6 32. Re3 Kg7 33. Bxf3 Rc8 34. Be2 Rc7 35. f4 Nf7 36. Bb5 a5 37. Bc6 axb4 38. cxb4 Ra7 39. Qd4 Nd8 40. Rc3 Qe7 41. Re3 Qd6 42. b5 Ra5 43. Rd3 Qe7 44. Kf2 Qa7 45. Ra3 Nxc6 46. bxc6 Rc5 47. Qe4 Qa5 48. Rd3 Rc2+ 49. Kf3 Qc5 50. Qd4 Qe7 51. Re3 Qd8 52. Qe4 Rc5 53. Qe7+ Qxe7 54. Rxe7+ Kf8 55. Rxh7 Rxd5 56. c7 Rc5 57. Rh8+ 1-0

[Event "POL-chT2"]
[Site "Poronin"]
[Date "2013.09.07"]
[Round "1.60"]
[White "Jalowiec, Halina"]
[Black "Kasperek, Joanna"]
[Result "0-1"]
[WhiteElo "2023"]
[BlackElo "2013"]
[PlyCount "82"]
[EventDate "2013.09.06"]
[EventType "team-swiss"]
[EventRounds "9"]
[EventCountry "POL"]
[SourceTitle "EXT 2015"]
[Source "ChessBase"]
[SourceDate "2014.11.20"]
[SourceVersion "1"]
[SourceVersionDate "2014.11.20"]
[SourceQuality "1"]
[WhiteTeam "Pilzno GKSz Hetman"]
[BlackTeam "Debica Gryf"]
[WhiteTeamCountry "POL"]
[BlackTeamCountry "POL"]

1. e4 c5 2. Nf3 e6 3. d4 cxd4 4. Nxd4 Nc6 5. Nc3 Nf6 6. g3 a6 7. Bg2 Qc7 8. Be3 Ne5 9. Bf4 d6 10. Nde2 Be7 11. 0-0 0-0 12. h3 b5 13. a3 Bb7 14. g4 Rac8 15. Ng3 Nc4 16. Bc1 Rfd8 17. Qe2 d5 18. g5 Nxe4 19. Ncxe4 dxe4 20. Nxe4 Ba8 21. c3 Nd6 22. Bf4 Qc4 23. Qxc4 Nxc4 24. b3 Nb6 25. Be3 Nd5 26. Bd4 Nf4 27. Rfe1 Nxg2 28. Kxg2 Bxg5 29. f3 Bxe4 30. fxe4 f6 31. e5 Kf7 32. Rad1 f5 33. Kf3 Be7 34. b4 g5 35. Rd3 h5 36. Red1 g4+ 37. Kg2 Kg6 38. hxg4 hxg4 39. a4 f4 40. axb5 axb5 41. Rh1 Bxb4 0-1

[Event "POL-chT 2nd League"]
[Site "Lazy"]
[Date "2012.09.03"]
[Round "3"]
[White "Jalowiec, Halina"]
[Black "Jurkiewicz, Joanna"]
[Result "0-1"]
[WhiteElo "2046"]
[BlackElo "1814"]
[PlyCount "38"]
[EventDate "2012.09.01"]
[EventType "team-swiss"]
[EventRounds "9"]
[EventCountry "POL"]
[SourceTitle "EXT 2019"]
[Source "ChessBase"]
[SourceDate "2018.10.10"]
[SourceVersion "1"]
[SourceVersionDate "2018.10.10"]
[SourceQuality "1"]
[WhiteTeam "Pilzno GKSz Hetman"]
[BlackTeam "Kolbudy UKS Zawisza"]
[WhiteTeamCountry "POL"]
[BlackTeamCountry "POL"]

1. e4 c5 2. Nf3 Nc6 3. d4 cxd4 4. Nxd4 Nf6 5. Nc3 d6 6. Bg5 e6 7. Qd2 Be7 8. 0-0-0 a6 9. f4 Qc7 10. Be2 Na5 11. Nf3 0-0 12. e5 dxe5 13. fxe5 Rd8 14. Bd3 Nc4 15. Qf4 Nxb2 16. Kxb2 Ba3+ 17. Kb3 Nd5 18. Nxd5 Rxd5 19. Bc4 Qb6+ 0-1

[Event "Rewal op-A 17th"]
[Site "Rewal"]
[Date "2012.08.24"]
[Round "4"]
[White "Czajkowski, Adam"]
[Black "Jalowiec, Halina"]
[Result "1/2-1/2"]
[WhiteElo "1911"]
[BlackElo "2046"]
[PlyCount "23"]
[EventDate "2012.08.20"]
[EventType "swiss"]
[EventRounds "9"]
[EventCountry "POL"]
[SourceTitle "CBM 150 Extra"]
[Source "ChessBase"]
[SourceDate "2012.10.19"]
[SourceVersion "1"]
[SourceVersionDate "2012.10.19"]
[SourceQuality "1"]

1. e4 e5 2. Nf3 Nc6 3. Bb5 d6 4. 0-0 Be7 5. d4 exd4 6. Nxd4 Bd7 7. Nc3 Nf6 8. Be3 Ng4 9. Nxc6 Nxe3 10. Nxd8 Nxd1 11. Raxd1 Rxd8 12. Nd5 1/2-1/2